[Event "KUW-ch"]
[Site "Kuwait City"]
[Date "2023.02.10"]
[Round "8"]
[White "Al Hajiri, Bader"]
[Black "Aljadi, Hussain"]
[Result "1-0"]
[WhiteElo "1908"]
[BlackElo "1419"]
[PlyCount "59"]
[EventDate "2023.02.01"]
[EventType "swiss"]
[EventRounds "9"]
[EventCountry "KUW"]
[SourceTitle "CBM 213 Extra"]
[Source "ChessBase"]
[SourceDate "2023.05.31"]
[SourceVersion "1"]
[SourceVersionDate "2023.05.31"]
[SourceQuality "1"]

1. e4 e5 2. Nf3 Nc6 3. Nc3 Nf6 4. Bb5 d6 5. d4 Bd7 6. d5 Nb8 7. Be2 Be7 8. h3 a5 9. Be3 Na6 10. Qd2 a4 11. 0-0-0 c6 12. Nxe5 dxe5 13. d6 Bf8 14. g4 Be6 15. Nxa4 b5 16. Nb6 Nd7 17. Nxa8 Qxa8 18. Qa5 Qb7 19. a4 Bc4 20. Bxc4 bxc4 21. Qc3 Qb4 22. Qxb4 Nxb4 23. Kd2 Bxd6 24. Kc3 Be7 25. Rd2 c5 26. Kxc4 Nc6 27. c3 g5 28. Rhd1 Ncb8 29. a5 Nf6 30. f3 1-0

[Event "Asian Hybrid"]
[Site "Tornelo INT"]
[Date "2021.05.27"]
[Round "7"]
[White "Arca, Christian Gian Karl"]
[Black "Aljadi, Hussain"]
[Result "1-0"]
[WhiteElo "1705"]
[BlackElo "1257"]
[PlyCount "49"]
[EventDate "2021.05.21"]
[EventType "swiss"]
[EventRounds "9"]
[EventCountry "NET"]
[SourceTitle "CBM 202 Extra"]
[Source "ChessBase"]
[SourceDate "2021.07.31"]
[SourceVersion "1"]
[SourceVersionDate "2021.07.31"]
[SourceQuality "1"]

1. d4 d5 2. Bf4 c5 3. e3 Qb6 4. Nc3 e6 5. Nb5 Na6 6. c3 Bd7 7. a4 Nf6 8. Nf3 Be7 9. h4 c4 10. b3 Bxb5 11. axb5 Qxb5 12. bxc4 dxc4 13. Nd2 Rc8 14. Rb1 Qd5 15. Qa4+ Kf8 16. f3 g6 17. Bxc4 Qd7 18. Qxd7 Nxd7 19. Rxb7 Nac5 20. dxc5 Nxc5 21. Bh6+ Ke8 22. Bb5+ Kd8 23. Rxa7 Rc7 24. Ra2 Bf6 25. c4 1-0

[Event "Asian Hybrid"]
[Site "Tornelo INT"]
[Date "2021.05.24"]
[Round "4"]
[White "Moulic, Alfred"]
[Black "Aljadi, Hussain"]
[Result "1-0"]
[WhiteElo "1960"]
[BlackElo "1257"]
[PlyCount "99"]
[EventDate "2021.05.21"]
[EventType "swiss"]
[EventRounds "9"]
[EventCountry "NET"]
[SourceTitle "CBM 202 Extra"]
[Source "ChessBase"]
[SourceDate "2021.07.31"]
[SourceVersion "1"]
[SourceVersionDate "2021.07.31"]
[SourceQuality "1"]

1. d4 d5 2. Nf3 Nf6 3. Bf4 c5 4. c3 e6 5. e3 a6 6. Bd3 Be7 7. Nbd2 0-0 8. a4 b6 9. h3 Bb7 10. 0-0 Bd6 11. Ne5 Qc7 12. Bh2 Nbd7 13. f4 Rac8 14. Qe2 a5 15. Bb5 Rfd8 16. Ndf3 Bxe5 17. Bxd7 Nxd7 18. fxe5 h6 19. h4 Nb8 20. Rf2 Ba6 21. Qd2 Nc6 22. g4 Ne7 23. Kh1 g6 24. Bf4 Kg7 25. Kg2 Rb8 26. Rh1 Qc6 27. h5 Rh8 28. g5 Nf5 29. gxh6+ Nxh6 30. hxg6 fxg6 31. Bxh6+ Rxh6 32. Rxh6 Kxh6 33. e4+ Kg7 34. Ng5 Rb7 35. Qf4 Qe8 36. Qf6+ Kg8 37. exd5 exd5 38. e6 Rg7 39. Kg3 Qe7 40. Qxe7 Rxe7 41. Kf4 cxd4 42. cxd4 Kg7 43. Ke5 Rb7 44. Rh2 b5 45. Rh7+ Kg8 46. Rxb7 Bxb7 47. axb5 Kf8 48. Kf6 Ke8 49. e7 Bc8 50. Nf7 1-0

[Event "Asia Nations online Cup"]
[Site "Chess.com INT"]
[Date "2020.10.18"]
[Round "7.15"]
[White "Aljadi, Hussain"]
[Black "Ahmad, Md Siraj Munir"]
[Result "0-1"]
[WhiteElo "1257"]
[BlackElo "2035"]
[PlyCount "108"]
[EventDate "2020.10.10"]
[EventType "team-swiss (rapid)"]
[EventRounds "9"]
[EventCountry "IND"]
[SourceTitle "CBM 198 Extra"]
[Source "ChessBase"]
[SourceDate "2020.11.30"]
[SourceVersion "1"]
[SourceVersionDate "2020.11.30"]
[SourceQuality "1"]
[WhiteTeam "Kuwait"]
[BlackTeam "Brunei"]
[WhiteTeamCountry "KUW"]
[BlackTeamCountry "BRN"]

1. d4 d5 2. c4 c6 3. Nc3 Nf6 4. e3 g6 5. Nf3 Bg7 6. Be2 0-0 7. 0-0 Re8 8. b3 Ne4 9. Nxe4 dxe4 10. Nd2 c5 11. Nxe4 cxd4 12. exd4 Qxd4 13. Qxd4 Bxd4 14. Rb1 Bf5 15. Bf3 Nc6 16. Be3 Bxe3 17. fxe3 Ne5 18. Rbd1 Nxf3+ 19. gxf3 h5 20. Nc5 b6 21. Ne4 Bxe4 22. fxe4 Rad8 23. Rd5 Rd6 24. Rfd1 Re6 25. R1d4 a6 26. Kf2 Kg7 27. Rd7 Rc8 28. Ra7 b5 29. Ke2 bxc4 30. bxc4 Rb8 31. Rdd7 Rxe4 32. Rxe7 Rxe7 33. Rxe7 Rb2+ 34. Kd3 Rxh2 35. c5 Rh1 36. c6 Rc1 37. c7 Kf6 38. Rd7 Ke6 39. Rd4 Rxc7 40. Ra4 Rc6 41. Ke4 f5+ 42. Kf4 Kf6 43. e4 g5+ 44. Ke3 f4+ 45. Kf2 g4 46. Rd4 Ke5 47. Ra4 Rc2+ 48. Ke1 f3 49. Kd1 Re2 50. Rxa6 Kxe4 51. Ra4+ Ke3 52. Ra3+ Kf2 53. Ra5 g3 54. Rxh5 g2 0-1

[Event "Asia Nations online Cup"]
[Site "Chess.com INT"]
[Date "2020.10.16"]
[Round "5.18"]
[White "Aljadi, Hussain"]
[Black "Khonsavanh, Senglek"]
[Result "0-1"]
[WhiteElo "1257"]
[BlackElo "1253"]
[PlyCount "90"]
[EventDate "2020.10.10"]
[EventType "team-swiss (rapid)"]
[EventRounds "9"]
[EventCountry "IND"]
[SourceTitle "CBM 198 Extra"]
[Source "ChessBase"]
[SourceDate "2020.11.30"]
[SourceVersion "1"]
[SourceVersionDate "2020.11.30"]
[SourceQuality "1"]
[WhiteTeam "Kuwait"]
[BlackTeam "Laos"]
[WhiteTeamCountry "KUW"]
[BlackTeamCountry "LAO"]

1. d4 d5 2. c4 Nf6 3. cxd5 Bf5 4. f3 Bxb1 5. Rxb1 Nxd5 6. e4 Nf6 7. Qb3 Qc8 8. Bb5+ c6 9. Bc4 e6 10. Ne2 Be7 11. Be3 Nbd7 12. Rc1 0-0 13. 0-0 a5 14. a4 c5 15. Kh1 Qc7 16. dxc5 Nxc5 17. Qb5 b6 18. Ba2 Ne8 19. Qc4 Nd6 20. Qc2 Ne8 21. Nd4 Nd6 22. Bxe6 fxe6 23. Nxe6 Nxe6 24. Qxc7 Nxc7 25. Rxc7 Bf6 26. b3 Rac8 27. Bxb6 Rxc7 28. Bxc7 Nb7 29. Rd1 Rc8 30. Bb6 Nc5 31. e5 Be7 32. Bxa5 Nxb3 33. Bb6 Ra8 34. a5 Nxa5 35. Ra1 Bb4 36. Ra4 Bc3 37. Ra3 Bb4 38. Ra4 Bd2 39. Ra2 Be1 40. Ra1 Bc3 41. Ra3 Rc8 42. h3 Nc4 43. Ra6 Nxb6 44. Rxb6 Bxe5 45. Re6 Rc1# 0-1

[Event "Gulf-ch Amateur"]
[Site "Kuwait"]
[Date "2019.10.21"]
[Round "1"]
[White "Aljadi, Hussain"]
[Black "Abbas, Ali"]
[Result "0-1"]
[WhiteElo "1240"]
[BlackElo "1889"]
[PlyCount "116"]
[EventDate "2019.10.21"]
[EventType "swiss"]
[EventRounds "9"]
[EventCountry "KUW"]
[SourceTitle "CBM 195 Extra"]
[Source "ChessBase"]
[SourceDate "2020.05.31"]
[SourceVersion "1"]
[SourceVersionDate "2020.05.31"]
[SourceQuality "1"]

1. d4 d5 2. c4 c6 3. cxd5 cxd5 4. Nf3 Nf6 5. Nc3 a6 6. Bf4 Nc6 7. e3 g6 8. h3 Bg7 9. Be2 b5 10. a3 Bb7 11. b4 0-0 12. 0-0 Rc8 13. Rc1 e6 14. Qd3 Ne8 15. e4 dxe4 16. Nxe4 Nxd4 17. Rxc8 Nxe2+ 18. Qxe2 Qxc8 19. Rc1 Qa8 20. Nc5 Nf6 21. Be5 Re8 22. Nxb7 Qxb7 23. Qb2 Nh5 24. Bxg7 Nxg7 25. Qc3 Nf5 26. Qc7 Qxc7 27. Rxc7 Re7 28. Rc6 Ra7 29. Nd2 Nd4 30. Rc8+ Kg7 31. Kf1 f6 32. Ke1 e5 33. Kd1 a5 34. bxa5 Rxa5 35. Nb1 Ra7 36. Kd2 f5 37. Kc3 Ra4 38. Kb2 b4 39. Rc4 bxa3+ 40. Nxa3 Rxc4 41. Nxc4 Ne2 42. Ne3 h5 43. Kc2 f4 44. Nf1 Kf6 45. Kd3 Nd4 46. f3 g5 47. Nh2 Kf5 48. Kd2 Ne6 49. Ke2 Kf6 50. Kd3 Kf5 51. Ke2 Nf8 52. Kf2 Ng6 53. g3 fxg3+ 54. Kxg3 Nf4 55. Nf1 h4+ 56. Kh2 Ne2 57. Ne3+ Kf4 58. Ng4 Nd4 0-1

[Event "KUW-ch sf"]
[Site "Kuwait"]
[Date "2018.11.19"]
[Round "4"]
[White "Alsharhan, Musaed"]
[Black "Aljadi, Hussain"]
[Result "1-0"]
[WhiteElo "1656"]
[BlackElo "1359"]
[PlyCount "100"]
[EventDate "2018.11.16"]
[EventType "swiss"]
[EventRounds "9"]
[EventCountry "KUW"]
[SourceTitle "CBM 187 Extra"]
[Source "ChessBase"]
[SourceDate "2018.11.04"]
[SourceVersion "1"]
[SourceVersionDate "2018.11.04"]
[SourceQuality "1"]

1. e4 e5 2. Bc4 Nf6 3. Qe2 Nc6 4. c3 Bc5 5. d3 0-0 6. Nf3 d6 7. 0-0 h6 8. Nbd2 Bg4 9. h3 Bh5 10. Rd1 Ne7 11. Nf1 Ng6 12. Ng3 Bxf3 13. Qxf3 Nh4 14. Qe2 Nd7 15. a4 a6 16. Qg4 Kh7 17. Nh5 g6 18. Ng3 f5 19. exf5 Nxf5 20. Nxf5 Rxf5 21. d4 Ba7 22. Bd3 Nf6 23. Qh4 Rh5 24. Qg3 e4 25. Be2 Rf5 26. Qe3 Qf8 27. g4 Nd5 28. Qg3 Nf4 29. Re1 Nxe2+ 30. Rxe2 Rf3 31. Qh4 Re8 32. Re3 d5 33. Rxf3 exf3 34. Be3 c6 35. Kf1 Bb8 36. Re1 Bd6 37. b4 Be7 38. Qg3 Bd6 39. Qg1 Bf4 40. h4 Bxe3 41. Rxe3 Rxe3 42. fxe3 Qf7 43. Kf2 Qf6 44. Qg3 Kg7 45. Qc7+ Qf7 46. Qxf7+ Kxf7 47. Kxf3 Kf6 48. e4 dxe4+ 49. Kxe4 Ke6 50. h5 g5 1-0

[Event "KUW-ch sf"]
[Site "Kuwait"]
[Date "2018.11.16"]
[Round "1"]
[White "Aljadi, Hussain"]
[Black "Al Hajiri, Bader"]
[Result "0-1"]
[WhiteElo "1359"]
[BlackElo "2191"]
[PlyCount "52"]
[EventDate "2018.11.16"]
[EventType "swiss"]
[EventRounds "9"]
[EventCountry "KUW"]
[SourceTitle "CBM 187 Extra"]
[Source "ChessBase"]
[SourceDate "2018.11.04"]
[SourceVersion "1"]
[SourceVersionDate "2018.11.04"]
[SourceQuality "1"]

1. d4 d5 2. Bf4 c5 3. c3 Nc6 4. Nf3 Qb6 5. Qb3 c4 6. Qxb6 axb6 7. e3 Nf6 8. Nbd2 b5 9. h3 b4 10. g4 e6 11. Bg2 bxc3 12. bxc3 Ra3 13. Nb1 Ra4 14. 0-0 b5 15. Re1 b4 16. cxb4 Bxb4 17. Rc1 Ba6 18. Nc3 Ra3 19. Nb1 Ra5 20. Ne5 Nxe5 21. Bxe5 0-0 22. a3 Rc8 23. Bxf6 gxf6 24. Rd1 c3 25. Nxc3 Bxc3 26. Rab1 Rxa3 0-1